Normal view
MARC view
Entry Personal Name
001 - CONTROL NUMBER
- control field: 73484
003 - CONTROL NUMBER IDENTIFIER
- control field: dpl
005 - DATE AND TIME OF LATEST TRANSACTION
- control field: 20241025144250.0
008 - FIXED-LENGTH DATA ELEMENTS
- fixed length control field: 241025|| aca||aabn | a|a d
040 ## - CATALOGING SOURCE
- Original cataloging agency: dpl
- Transcribing agency: dpl
100 ## - HEADING--PERSONAL NAME
- Personal name: क़ादरी,शाहनवाज़ अहमद
670 ## - SOURCE DATA FOUND
- Source citation: Work cat.: (dpl)206373: क़ादरी,शाहनवाज़ अहमद, राजनारायण एक नाम नहीं इतिहास है! /, 2022
